000 01068cam a22003493a 4500
001 14902374
003 OSt
005 20140310182248.0
008 990831t19991998nyub c 000 1 eng d
010 _a 2007580692
020 _a0590554093 (pbk.) :
_c$4.99
020 _a9780590554091 (pbk.)
035 _a(OCoLC)ocm42269879
035 _a(OCoLC)42269879
040 _aWYE
_cWYE
_dLEO
_dOCLCQ
_dBAKER
_dBTCTA
_dDLC
042 _alccopycat
050 0 0 _aPZ 7
_b.P615 1999
082 _aFIC
_bP61c 1998
100 1 _aPierce, Tamora.
_919642
245 1 0 _aTris's book /
_cTamora Pierce.
260 _aNew York :
_bPoint/Scholastic,
_cc1999.
300 _a251 p. :
_c18 cm.
490 0 _aCircle of magic ;
_v2
650 0 _aMagic
_vFiction.
_919754
655 7 _aFantasy.
_2gsafd
_919755
655 7 _aYoung adult fiction.
_2lcsh
_93735
710 2 _aCopyright Paperback Collection (Library of Congress)
_5DLC
_9705
906 _a7
_bcbc
_ccopycat
_d2
_encip
_f20
_gy-genrareb
942 _2lcc
_cBK-FIC
999 _c11309
_d11309